000 00295 a2200145 4500
001 166812
020 _a
040 _cMagnum
100 _aFoucault, Michel
240 1 0 _aA arqueologia do saber
_lpor
245 1 0 _aA arqueologia do saber
362 0 _a1899
697 _aGERAL
942 _cBK
999 _c166812
_d166812